[Event "GER-ch Net blitz qual4"]
[Site "Playchess.com INT"]
[Date "2021.05.10"]
[Round "7"]
[White "Feldmann, Bernd"]
[Black "Oberling, Mario"]
[Result "0-1"]
[WhiteElo "1777"]
[BlackElo "1640"]
[PlyCount "58"]
[EventDate "2021.05.10"]
[EventType "swiss (blitz)"]
[EventRounds "11"]
[EventCountry "GER"]
[SourceTitle "CBM 202 Extra"]
[Source "ChessBase"]
[SourceDate "2021.07.31"]
[SourceVersion "1"]
[SourceVersionDate "2021.07.31"]
[SourceQuality "1"]

1. d4 Nf6 2. c4 e6 3. Nc3 Be7 4. Bg5 d5 5. e3 h6 6. Bh4 0-0 7. Nf3 b6 8. cxd5 exd5 9. Bd3 c5 10. 0-0 c4 11. Bc2 Nc6 12. Qe2 Bg4 13. h3 Be6 14. Rfe1 Re8 15. e4 dxe4 16. Nxe4 Nxd4 17. Nxd4 Qxd4 18. Rad1 Qxb2 19. Nxf6+ Bxf6 20. Bxf6 Qxf6 21. Qe5 Qxe5 22. Rxe5 Rad8 23. Rde1 Rd2 24. Bf5 Rxa2 25. Bxe6 Rxe6 26. Rxe6 fxe6 27. Rxe6 c3 28. Rc6 c2 29. Kh2 b5 0-1

[Event "GER-ch Net blitz qual4"]
[Site "Playchess.com INT"]
[Date "2021.05.10"]
[Round "2"]
[White "Majcan, Tom"]
[Black "Feldmann, Bernd"]
[Result "1-0"]
[WhiteElo "1525"]
[BlackElo "1777"]
[PlyCount "75"]
[EventDate "2021.05.10"]
[EventType "swiss (blitz)"]
[EventRounds "11"]
[EventCountry "GER"]
[SourceTitle "CBM 202 Extra"]
[Source "ChessBase"]
[SourceDate "2021.07.31"]
[SourceVersion "1"]
[SourceVersionDate "2021.07.31"]
[SourceQuality "1"]

1. d4 e6 2. c4 d5 3. Nf3 c6 4. Bg5 Qb6 5. Qc2 Nd7 6. e3 f5 7. Bf4 Ngf6 8. c5 Qd8 9. Nc3 Ne4 10. Bd3 Be7 11. Ne5 Bf6 12. 0-0-0 0-0 13. f3 Nxc3 14. Qxc3 Nxe5 15. Bxe5 Bxe5 16. dxe5 Qg5 17. Qd2 Bd7 18. h4 Qe7 19. h5 Qxc5+ 20. Kb1 a5 21. Rc1 Qb4 22. Qc2 a4 23. a3 Qa5 24. h6 g6 25. e4 dxe4 26. fxe4 Qxe5 27. exf5 exf5 28. Rhe1 Qf6 29. Re2 Be6 30. Rce1 Bb3 31. Qc5 Qg5 32. Re7 Qxh6 33. Rxb7 Qd2 34. Bc4+ Bxc4 35. Qxc4+ Kh8 36. Ree7 Qd1+ 37. Ka2 Qh5 38. Qd4+ 1-0

[Event "GER Cup Net Final-B U2000"]
[Site "Playchess.com INT"]
[Date "2020.06.06"]
[Round "8"]
[White "Feldmann, Bernd"]
[Black "Isele, Thomas"]
[Result "1/2-1/2"]
[WhiteElo "1862"]
[BlackElo "1940"]
[PlyCount "106"]
[EventDate "2020.06.06"]
[EventType "swiss (blitz)"]
[EventRounds "13"]
[EventCountry "GER"]
[SourceTitle "CBM 197 Extra"]
[Source "ChessBase"]
[SourceDate "2020.09.30"]
[SourceVersion "1"]
[SourceVersionDate "2020.09.30"]
[SourceQuality "1"]

1. d4 d5 2. Nf3 Nf6 3. c3 c6 4. Bg5 Ne4 5. Bf4 Bf5 6. Nbd2 Nd7 7. Qb3 Qb6 8. Qxb6 axb6 9. a3 e6 10. Ne5 Nxe5 11. Bxe5 Nxd2 12. Kxd2 f6 13. Bg3 Kd7 14. e3 Bd6 15. Bxd6 Kxd6 16. f3 Rhe8 17. Be2 e5 18. Rae1 Re7 19. Bd1 Rae8 20. Bb3 b5 21. Bd1 Bg6 22. g4 exd4 23. exd4 f5 24. h3 Rxe1 25. Rxe1 Rxe1 26. Kxe1 f4 27. Kd2 h6 28. Ke1 Bd3 29. Kf2 Ke6 30. h4 g5 31. hxg5 hxg5 32. Ke1 Kd6 33. Kd2 Bg6 34. Be2 Kc7 35. b3 Kb6 36. Kc1 Ka5 37. Kb2 b6 38. b4+ Ka6 39. Kc1 Kb7 40. Kd2 Bb1 41. Bd1 Ka6 42. Be2 Kb7 43. Bd1 Kc7 44. Be2 Kd6 45. Kc1 Ba2 46. Kb2 Bc4 47. Bxc4 bxc4 48. a4 Kc7 49. Ka3 Kb7 50. Kb2 Ka6 51. Ka3 Ka7 52. Ka2 Kb7 53. Ka3 Ka6 1/2-1/2

[Event "GER Cup Net Final-B U2000"]
[Site "Playchess.com INT"]
[Date "2020.06.06"]
[Round "2"]
[White "Schulz, Gerhard1111"]
[Black "Feldmann, Bernd"]
[Result "0-1"]
[WhiteElo "1467"]
[BlackElo "1848"]
[PlyCount "86"]
[EventDate "2020.06.06"]
[EventType "swiss (blitz)"]
[EventRounds "13"]
[EventCountry "GER"]
[SourceTitle "CBM 197 Extra"]
[Source "ChessBase"]
[SourceDate "2020.09.30"]
[SourceVersion "1"]
[SourceVersionDate "2020.09.30"]
[SourceQuality "1"]

1. d4 e6 2. e4 d5 3. exd5 exd5 4. Bd3 Bd6 5. Nf3 Ne7 6. 0-0 Bf5 7. Bxf5 Nxf5 8. Re1+ Ne7 9. c3 0-0 10. Bg5 f6 11. Bh4 Re8 12. Nbd2 Nd7 13. Nf1 Nf8 14. Bg3 Bxg3 15. Nxg3 Qd7 16. Qd2 Nf5 17. Nxf5 Qxf5 18. Rxe8 Rxe8 19. Re1 Rxe1+ 20. Qxe1 Kf7 21. h3 Qe6 22. Qxe6+ Nxe6 23. g3 c6 24. Kf1 Nc7 25. a4 Ne8 26. Ke2 Nd6 27. b3 Ne4 28. c4 dxc4 29. Ke3 Nd6 30. bxc4 Nxc4+ 31. Ke4 Ke6 32. Ne1 Nb2 33. a5 Nc4 34. a6 bxa6 35. Nd3 Nd6+ 36. Ke3 a5 37. Nc5+ Kd5 38. Nb3 a4 39. Nc5 a3 40. Nb3 a2 41. Kd3 Nf5 42. g4 Nxd4 43. Nxd4 a1Q 0-1

[Event "GER Cup Net V3 U2000"]
[Site "Playchess.com INT"]
[Date "2020.05.27"]
[Round "7"]
[White "Kestler, Martin"]
[Black "Feldmann, Bernd"]
[Result "1-0"]
[WhiteElo "1958"]
[BlackElo "1832"]
[PlyCount "105"]
[EventDate "2020.05.27"]
[EventType "swiss (blitz)"]
[EventRounds "9"]
[EventCountry "GER"]
[SourceTitle "EXT 2021"]
[Source "ChessBase"]
[SourceDate "2020.10.23"]
[SourceVersion "1"]
[SourceVersionDate "2020.10.23"]
[SourceQuality "1"]

1. Nf3 d5 2. b3 c6 3. Bb2 Bg4 4. e3 Nd7 5. d4 Qc7 6. Be2 Bxf3 7. Bxf3 e5 8. dxe5 Nxe5 9. Nd2 Bb4 10. 0-0 Bxd2 11. Qxd2 Nxf3+ 12. gxf3 f6 13. f4 Ne7 14. Qd3 0-0 15. c4 Qd7 16. Rfd1 Rad8 17. Qe2 Qh3 18. Ba3 Rfe8 19. Bxe7 Rxe7 20. cxd5 cxd5 21. Rac1 Re4 22. Rc7 g5 23. f3 Re6 24. fxg5 fxg5 25. Qg2 Qxg2+ 26. Kxg2 Rxe3 27. Rd2 d4 28. Rxb7 a5 29. Rb5 d3 30. Rxg5+ Kf7 31. Kf2 Re6 32. Rxa5 Rh6 33. Ra7+ Kf8 34. Ke3 Re6+ 35. Kf2 Rh6 36. Kg3 Rg6+ 37. Kf4 Rf6+ 38. Kg4 Kg8 39. Re7 Rg6+ 40. Kf4 Rf6+ 41. Ke3 Ra6 42. h4 Rh6 43. Rxd3 Rxd3+ 44. Kxd3 Rxh4 45. Rb7 h5 46. a4 Rh1 47. a5 h4 48. a6 Ra1 49. a7 h3 50. Rb8+ Kg7 51. a8Q Rxa8 52. Rxa8 h2 53. Ra1 1-0

[Event "GER Cup Net V3 U2000"]
[Site "Playchess.com INT"]
[Date "2020.05.27"]
[Round "4"]
[White "Peters, Michael"]
[Black "Feldmann, Bernd"]
[Result "0-1"]
[WhiteElo "1655"]
[BlackElo "1808"]
[PlyCount "104"]
[EventDate "2020.05.27"]
[EventType "swiss (blitz)"]
[EventRounds "9"]
[EventCountry "GER"]
[SourceTitle "EXT 2021"]
[Source "ChessBase"]
[SourceDate "2020.10.23"]
[SourceVersion "1"]
[SourceVersionDate "2020.10.23"]
[SourceQuality "1"]

1. d4 e6 2. c4 d5 3. Nc3 f5 4. Bf4 Nf6 5. e3 Be7 6. Qc2 c6 7. Nf3 0-0 8. b3 Ne4 9. Bd3 Bb4 10. Bxe4 Qa5 11. Rc1 fxe4 12. Ne5 Nd7 13. Nxd7 Bxd7 14. 0-0 Bxc3 15. Qxc3 Qxc3 16. Rxc3 h6 17. b4 a6 18. a4 Kf7 19. Rb1 g5 20. Bd6 Rg8 21. h3 Kg6 22. b5 axb5 23. axb5 Ra4 24. cxd5 exd5 25. b6 Rga8 26. Kh2 Ra1 27. Rcb3 Rxb1 28. Rxb1 Ra2 29. Kg3 h5 30. Rg1 h4+ 31. Kh2 Rxf2 32. Ba3 g4 33. hxg4 Bxg4 34. Bc1 Kf5 35. Ba3 Re2 36. Rf1+ Bf3 37. Rg1 Rxe3 38. gxf3 Rxa3 39. fxe4+ dxe4 40. Rg7 e3 41. Rxb7 Ke4 42. Re7+ Kxd4 43. b7 Rb3 44. Kh3 c5 45. Kxh4 c4 46. Kg3 c3 47. Kf3 c2 48. Rd7+ Kc3 49. Rc7+ Kd2 50. Rd7+ Kc1 51. b8Q Rxb8 52. Kxe3 Kb1 0-1

[Event "GER Cup Net V2 U2000"]
[Site "Playchess.com INT"]
[Date "2020.05.22"]
[Round "5"]
[White "Braeutigam, Alexander"]
[Black "Feldmann, Bernd"]
[Result "0-1"]
[WhiteElo "1650"]
[BlackElo "1814"]
[PlyCount "98"]
[EventDate "2020.05.22"]
[EventType "swiss (blitz)"]
[EventRounds "9"]
[EventCountry "GER"]
[SourceTitle "EXT 2021"]
[Source "ChessBase"]
[SourceDate "2020.10.23"]
[SourceVersion "1"]
[SourceVersionDate "2020.10.23"]
[SourceQuality "1"]

1. d4 e6 2. c4 d5 3. cxd5 exd5 4. Nc3 c6 5. Bf4 Ne7 6. e3 Ng6 7. Bg3 Bf5 8. Bd3 Bxd3 9. Qxd3 Nd7 10. Nge2 Be7 11. 0-0 0-0 12. Nf4 Nxf4 13. Bxf4 Nf6 14. h3 Re8 15. Bg5 h6 16. Bxf6 Bxf6 17. Ne2 Qe7 18. Nf4 Qe4 19. Qxe4 Rxe4 20. b4 a6 21. a4 Bg5 22. g3 Bxf4 23. gxf4 Kf8 24. Rab1 Ke7 25. Rfc1 Kd6 26. b5 axb5 27. axb5 Rc8 28. Rc5 b6 29. Rxc6+ Rxc6 30. bxc6 Kxc6 31. Rc1+ Kb7 32. Kg2 Re7 33. Kf3 b5 34. Rc5 Kb6 35. Rxd5 b4 36. Rc5 Ra7 37. Rc1 Kb5 38. Rc8 Rb7 39. Ke2 Ka4 40. Ra8+ Kb3 41. Kd2 Kb2 42. Rc8 b3 43. Rc1 Rb6 44. f3 Ka2 45. Rc8 b2 46. Ra8+ Kb3 47. Rc8 b1Q 48. Rc3+ Ka4 49. Rc4+ Rb4 0-1

[Event "GER Cup Net V2 U2000"]
[Site "Playchess.com INT"]
[Date "2020.05.22"]
[Round "4"]
[White "Feldmann, Bernd"]
[Black "Cordes, Jule Johanne"]
[Result "0-1"]
[WhiteElo "1835"]
[BlackElo "1715"]
[PlyCount "64"]
[EventDate "2020.05.22"]
[EventType "swiss (blitz)"]
[EventRounds "9"]
[EventCountry "GER"]
[SourceTitle "EXT 2021"]
[Source "ChessBase"]
[SourceDate "2020.10.23"]
[SourceVersion "1"]
[SourceVersionDate "2020.10.23"]
[SourceQuality "1"]

1. d4 d5 2. Nf3 Nf6 3. c3 c5 4. Bg5 Nc6 5. e3 Bg4 6. Bb5 Qb6 7. Qa4 a6 8. Ne5 Qxb5 9. Qxb5 axb5 10. Bxf6 exf6 11. Nxg4 h5 12. Nxf6+ gxf6 13. Nd2 c4 14. Ke2 Bd6 15. g3 Kd7 16. f3 b4 17. e4 dxe4 18. Nxe4 bxc3 19. bxc3 Be7 20. Kd2 Ra3 21. Rhb1 Kc7 22. d5 Ne5 23. f4 Ng6 24. Rb4 Bxb4 25. cxb4 f5 26. Nc5 Rha8 27. d6+ Kxd6 28. Nxb7+ Kd5 29. Na5 Rb8 30. Ke2 Rxb4 31. Rd1+ Kc5 32. Rd7 Rxa2+ 0-1

[Event "GER Cup Net V2 U2000"]
[Site "Playchess.com INT"]
[Date "2020.05.22"]
[Round "6"]
[White "Feldmann, Bernd"]
[Black "Rempe, Jonas"]
[Result "0-1"]
[WhiteElo "1825"]
[BlackElo "1693"]
[PlyCount "86"]
[EventDate "2020.05.22"]
[EventType "swiss (blitz)"]
[EventRounds "9"]
[EventCountry "GER"]
[SourceTitle "EXT 2021"]
[Source "ChessBase"]
[SourceDate "2020.10.23"]
[SourceVersion "1"]
[SourceVersionDate "2020.10.23"]
[SourceQuality "1"]

1. d4 Nf6 2. c4 g6 3. Nc3 Bg7 4. e4 d6 5. f4 0-0 6. Nf3 Nbd7 7. Be2 c6 8. 0-0 Qc7 9. Be3 Ng4 10. Qd2 Nxe3 11. Qxe3 e5 12. fxe5 dxe5 13. d5 f5 14. Rac1 f4 15. Qf2 Bf6 16. Rfd1 Be7 17. Kh1 Bc5 18. Qh4 Be3 19. Ng5 Nf6 20. Rc2 Kg7 21. b4 h6 22. Nf3 Ng4 23. Bd3 g5 24. Qe1 Qf7 25. h3 Nf6 26. Nxe5 Qe7 27. Nf3 g4 28. Ng1 Nh5 29. hxg4 Ng3+ 30. Kh2 Qh4+ 31. Nh3 Bxg4 32. Be2 f3 33. Qxg3 Bf4 34. Qxf4 Rxf4 35. Bf1 fxg2 36. Bxg2 Bxd1 37. Rd2 Bg4 38. dxc6 Bxh3 39. Bxh3 Rf2+ 40. Rxf2 Qxf2+ 41. Bg2 Qf4+ 42. Kh1 Qc1+ 43. Kh2 Qxc3 0-1

[Event "GER Cup Net V2 U2000"]
[Site "Playchess.com INT"]
[Date "2020.05.22"]
[Round "9"]
[White "Powalla, Christian"]
[Black "Feldmann, Bernd"]
[Result "0-1"]
[WhiteElo "1716"]
[BlackElo "1793"]
[PlyCount "50"]
[EventDate "2020.05.22"]
[EventType "swiss (blitz)"]
[EventRounds "9"]
[EventCountry "GER"]
[SourceTitle "EXT 2021"]
[Source "ChessBase"]
[SourceDate "2020.10.23"]
[SourceVersion "1"]
[SourceVersionDate "2020.10.23"]
[SourceQuality "1"]

1. e4 e6 2. d4 d5 3. Nc3 Nf6 4. e5 Nfd7 5. f4 c5 6. Nf3 Nc6 7. a3 h6 8. Be2 cxd4 9. Nxd4 Qb6 10. Nxc6 bxc6 11. b4 f6 12. Bg4 fxe5 13. Bxe6 exf4 14. Qh5+ Kd8 15. Bxf4 Nf6 16. Qf7 Bxe6 17. Qxe6 Bxb4 18. 0-0-0 Bxa3+ 19. Kd2 Qd4+ 20. Ke2 Qxf4 21. Rhf1 Qg4+ 22. Qxg4 Nxg4 23. Rf7 Re8+ 24. Kf3 Ne5+ 25. Kf4 Nxf7 0-1

[Event "GER Cup Net V1 U2000"]
[Site "Playchess.com INT"]
[Date "2020.05.19"]
[Round "4"]
[White "Feldmann, Bernd"]
[Black "Bendrich, Thorsten"]
[Result "0-1"]
[WhiteElo "1789"]
[BlackElo "1674"]
[PlyCount "120"]
[EventDate "2020.05.19"]
[EventType "swiss (blitz)"]
[EventRounds "9"]
[EventCountry "GER"]
[SourceTitle "EXT 2021"]
[Source "ChessBase"]
[SourceDate "2020.10.23"]
[SourceVersion "1"]
[SourceVersionDate "2020.10.23"]
[SourceQuality "1"]

1. d4 d5 2. Nf3 e6 3. c3 Nf6 4. Bg5 Be7 5. Nbd2 h6 6. Bxf6 Bxf6 7. e4 dxe4 8. Nxe4 0-0 9. Bd3 b6 10. 0-0 Bb7 11. Qe2 Nd7 12. Rae1 Be7 13. Ng3 c5 14. Ne5 cxd4 15. cxd4 Nxe5 16. Qxe5 Bd6 17. Qe3 Rc8 18. f4 Qc7 19. Nh5 Rfd8 20. Qg3 Bf8 21. Nf6+ Kh8 22. Ng4 Rxd4 23. Bb1 Qc5 24. Kh1 Ba6 25. Rf3 Qc7 26. Qh4 Rxf4 27. Rc3 Qd8 28. Rxc8 Qxc8 29. Qh3 Rc4 30. Ne5 Rc1 31. Nxf7+ Kg8 32. Qe3 Rxe1+ 33. Qxe1 Kxf7 34. h4 Kg8 35. a3 Qc4 36. Kh2 Bd6+ 37. Kh3 Bc8 38. b3 e5+ 39. Kh2 Qf4+ 40. Kg1 Bc5+ 41. Kh1 Bf2 42. Qe4 Qxe4 43. Bxe4 Be6 44. b4 Bd4 45. g3 Bb2 46. a4 Ba3 47. b5 Bb3 48. Kg2 Bxa4 49. Bc6 Bb3 50. Kf3 Kf8 51. Ke4 Bb2 52. g4 Bd4 53. Bb7 Ke7 54. Bc6 Kd6 55. Be8 Kc5 56. g5 hxg5 57. hxg5 Ba4 58. g6 Bxb5 59. Bf7 Bc6+ 60. Kd3 e4+ 0-1

[Event "GER Cup Net V1 U2000"]
[Site "Playchess.com INT"]
[Date "2020.05.19"]
[Round "1"]
[White "Feldmann, Bernd"]
[Black "Heutling, Elina"]
[Result "0-1"]
[WhiteElo "1789"]
[BlackElo "1619"]
[PlyCount "54"]
[EventDate "2020.05.19"]
[EventType "swiss (blitz)"]
[EventRounds "9"]
[EventCountry "GER"]
[SourceTitle "EXT 2021"]
[Source "ChessBase"]
[SourceDate "2020.10.23"]
[SourceVersion "1"]
[SourceVersionDate "2020.10.23"]
[SourceQuality "1"]

1. d4 Nf6 2. c4 c5 3. d5 b5 4. cxb5 a6 5. Nc3 g6 6. e4 d6 7. f4 Bg7 8. Nf3 0-0 9. Be3 axb5 10. Bxb5 Qa5 11. 0-0 Nxe4 12. Nxe4 Qxb5 13. Nfg5 h6 14. Nf3 Bf5 15. Ng3 Bg4 16. Rb1 Rxa2 17. h3 Bxf3 18. Qxf3 Rxb2 19. f5 Rxb1 20. Rxb1 Qxb1+ 21. Kh2 Be5 22. h4 Qxf5 23. Bxh6 Qxf3 24. gxf3 Rc8 25. Kh3 Bxg3 26. Kxg3 c4 27. Bg5 c3 0-1

[Event "GER-ch Net Amateur Gr-B Final"]
[Site "Playchess.com INT"]
[Date "2020.04.18"]
[Round "1"]
[White "Feldmann, Bernd"]
[Black "Schaper, Jan Erik"]
[Result "1-0"]
[WhiteElo "1796"]
[BlackElo "1703"]
[PlyCount "120"]
[EventDate "2020.04.18"]
[EventType "swiss (blitz)"]
[EventRounds "13"]
[EventCountry "GER"]
[SourceTitle "CBM 195 Extra"]
[Source "ChessBase"]
[SourceDate "2020.05.31"]
[SourceVersion "1"]
[SourceVersionDate "2020.05.31"]
[SourceQuality "1"]

1. d4 c6 2. Nf3 d5 3. c3 Nf6 4. Bg5 Ne4 5. Bf4 Nd7 6. Nbd2 Ndf6 7. Ne5 Bf5 8. f3 Nxd2 9. Qxd2 e6 10. e3 Be7 11. Bd3 Bxd3 12. Qxd3 Nh5 13. 0-0-0 Nxf4 14. exf4 Bd6 15. Rde1 h5 16. f5 Qg5+ 17. Qe3 Qxe3+ 18. Rxe3 Bxe5 19. Rxe5 Kd7 20. Rhe1 Rae8 21. fxe6+ Rxe6 22. Rxe6 fxe6 23. Re5 g6 24. Kd2 Rg8 25. Ke3 Rg7 26. Rg5 Ke7 27. Kf4 Kf6 28. g4 h4 29. Re5 g5+ 30. Ke3 Rc7 31. h3 c5 32. Kd3 c4+ 33. Kd2 Rc6 34. b3 b5 35. b4 Ra6 36. f4 Rxa2+ 37. Ke3 gxf4+ 38. Kxf4 Rh2 39. g5+ Kf7 40. Kg4 Rc2 41. Re3 Ra2 42. Kxh4 a5 43. bxa5 Rxa5 44. Kg4 Ra2 45. h4 Rd2 46. h5 Rd3 47. Rf3+ Rxf3 48. Kxf3 Kg7 49. Kf4 Kf7 50. Ke3 Kg7 51. Kd2 Kf7 52. Kc1 e5 53. dxe5 Ke6 54. h6 Kf7 55. Kd2 b4 56. cxb4 d4 57. b5 Ke7 58. b6 Kd7 59. h7 Kc6 60. h8Q Kxb6 1-0

[Event "GER-ch Net Amateur Gr-B Vor1"]
[Site "Playchess.com INT"]
[Date "2020.04.14"]
[Round "6"]
[White "Feldmann, Bernd"]
[Black "Grosse, Manfred"]
[Result "1-0"]
[WhiteElo "1749"]
[BlackElo "1835"]
[PlyCount "63"]
[EventDate "2020.04.14"]
[EventType "swiss (blitz)"]
[EventRounds "9"]
[EventCountry "GER"]
[SourceTitle "EXT 2021"]
[Source "ChessBase"]
[SourceDate "2020.10.23"]
[SourceVersion "1"]
[SourceVersionDate "2020.10.23"]
[SourceQuality "1"]

1. d4 Nf6 2. c4 c5 3. d5 b5 4. cxb5 a6 5. Nc3 axb5 6. e4 b4 7. Nb5 d6 8. Bf4 g6 9. e5 dxe5 10. Bxe5 Bg7 11. Nc7+ Qxc7 12. Bxc7 Nbd7 13. Bb5 0-0 14. Nf3 Ne4 15. Qc2 Nd6 16. Bxd6 exd6 17. 0-0 Ne5 18. Nxe5 Bxe5 19. a3 Bf5 20. Qb3 bxa3 21. Rxa3 Rab8 22. Ra5 Be4 23. f3 Bd4+ 24. Kh1 Bf5 25. g4 Bd7 26. Qc4 Bxb5 27. Rxb5 Ra8 28. b3 Ra2 29. Rb6 Rd8 30. Qb5 Kg7 31. Rb8 Rd7 32. Qxd7 1-0

[Event "GER-ch Net Amateur Gr-B Vor1"]
[Site "Playchess.com INT"]
[Date "2020.04.14"]
[Round "9"]
[White "Iosif, Daniela"]
[Black "Feldmann, Bernd"]
[Result "0-1"]
[WhiteElo "1828"]
[BlackElo "1765"]
[PlyCount "68"]
[EventDate "2020.04.14"]
[EventType "swiss (blitz)"]
[EventRounds "9"]
[EventCountry "GER"]
[SourceTitle "EXT 2021"]
[Source "ChessBase"]
[SourceDate "2020.10.23"]
[SourceVersion "1"]
[SourceVersionDate "2020.10.23"]
[SourceQuality "1"]

1. d4 e6 2. c3 d5 3. g3 c6 4. Bg2 f5 5. Nf3 Nf6 6. Bg5 Bd6 7. Bxf6 Qxf6 8. Nbd2 0-0 9. c4 Nd7 10. cxd5 exd5 11. 0-0 Qe7 12. e3 Nf6 13. a3 Ne4 14. Rc1 Be6 15. Qb3 Rab8 16. Qa2 Rf6 17. b4 a6 18. Rc2 Rh6 19. Rfc1 Qf7 20. Nf1 g5 21. Ne5 Bxe5 22. dxe5 g4 23. Qb2 Ng5 24. Nd2 Qh5 25. Qd4 Qxh2+ 26. Kf1 Nh3 27. Bxh3 gxh3 28. Qa7 Qg2+ 29. Ke2 Re8 30. Qxb7 h2 31. Rxc6 h1Q 32. Rxh1 Qxh1 33. Rxe6 Rhxe6 34. Qxd5 Qxd5 0-1

[Event "GER-ch Net Amateur Gr-B Vor1"]
[Site "Playchess.com INT"]
[Date "2020.04.14"]
[Round "3"]
[White "Klugstedt, Vincent C"]
[Black "Feldmann, Bernd"]
[Result "0-1"]
[WhiteElo "1620"]
[BlackElo "1732"]
[PlyCount "67"]
[EventDate "2020.04.14"]
[EventType "swiss (blitz)"]
[EventRounds "9"]
[EventCountry "GER"]
[SourceTitle "EXT 2021"]
[Source "ChessBase"]
[SourceDate "2020.10.23"]
[SourceVersion "1"]
[SourceVersionDate "2020.10.23"]
[SourceQuality "1"]

1. d4 e6 2. c4 d5 3. Nc3 c6 4. cxd5 exd5 5. Nf3 Bd6 6. Bg5 Qb6 7. Qd2 Nd7 8. e3 f5 9. Bd3 Ndf6 10. 0-0 Ne4 11. Bxe4 fxe4 12. Ne5 Bxe5 13. dxe5 Qc7 14. Rac1 Qxe5 15. Bf4 Qe7 16. f3 exf3 17. Rxf3 Nf6 18. Bg5 0-0 19. Rcf1 Bg4 20. Bxf6 Rxf6 21. Rxf6 gxf6 22. Qd4 Bh5 23. Rxf6 Re8 24. Kf2 Bg6 25. Qf4 Kg7 26. Rd6 Rf8 27. Nxd5 cxd5 28. Rxd5 Rxf4+ 29. exf4 Qb4 30. Re5 Qxf4+ 31. Ke2 Qxe5+ 32. Kf3 Qe4+ 33. Kg3 h5 34. h4 0-1